00411nam a22001571a 45000010005000000030004000050050017000090080041000260500017000671000020000842450084001042500006001882640024001943000010002186500025002286634OSt20260204212058.0060626s1968||||sp ||||||b||||||||||spa|| a306.09 B457h aBernal, John O. aHistoria social de la ciencia II: La ciencia de nuestro tiempo / John O. Bernal a2 aEspaña : Casanova a518 p a1.Historia SocialÌ